000 00379pab a2200145 454500
008 180718b2015 xxu||||| |||| 00| 0 eng d
100 _aSarangi, U.
245 _aTransshipment and new economic partnership agreements
260 _c2015
300 _ap.37-74.
362 _aJun
650 _aInternational instruments
773 _aAsian Economic Review
909 _a108374
999 _c108369
_d108369